000 00430nam a2200157Ia 4500
008 230524s9999 xx 000 0 und d
082 _a621.382
_bLUN
100 _aGeorge F.Luger
245 0 _aArtificial Intelligence (Structures and Strategies for Complex Problem Solving)
250 _a1ST
260 _aNEW DELHI
_bPearson
_c2004
300 _aXVIII;843
500 _aQuantity Number: 2
650 _aComp-Sc
942 _cBK
999 _c37223
_d37223